| 000 | 00535nam a22001697a 4500 | ||
|---|---|---|---|
| 008 | 130821s1930 enk gr eng | ||
| 040 |
_aCo-BoUCM _bspa |
||
| 041 | 0 | 0 | _aeng |
| 100 | 1 |
_aHorler, Sydney _d1888-1954 _953502 |
|
| 245 | 0 | 0 |
_aCheckmate _cSydney Horler |
| 260 |
_aLondres (Inglaterra) _bHadder and Stoughton _c1930 |
||
| 300 | _a315 páginas | ||
| 500 | _aIncluye índice por capítulos | ||
| 650 | 0 | 4 |
_aNovela inglesa _920530 |
| 942 |
_cLIBRO _a18 _e1 _mH67 _n0 _2DEWEY _h823 |
||
| 999 |
_c87891 _d87891 |
||